Los caminos de la luz.

Guardado en:
Formato: Deslizar
Series:Mirando el cielo
Materias:
LUZ
Etiquetas: Agregar Etiqueta
Sin Etiquetas, Sea el primero en etiquetar este registro!
LEADER 01046ngm a22003015g 4500
001 CEM.cems022565
008 130507b2001##################0###0#####d
005 20241107182334.0
245 0 0 |a Los caminos de la luz. 
300 |a 28'. 
490 0 |a Mirando el cielo 
500 |a En soporte VHS, consultar en ventanilla. 
505 0 |a Refracción de la luz. Lentes divergentes y convergentes. El ojo humano. Historia de las observaciones espaciales. Instrumentos de observación. Aberración cromática. Modelos de telescopios. 
538 |a Soporte: VHS - Norma: Pal N - Color: Si - Grabación DRD 2001 - Hitachi=1200 
082 5 2 |/ ATC 
653 |a FISICA 
653 |a LUZ 
653 |a REFRACCION 
653 |a ASTRONOMIA 
653 |a ASTROFISICA 
653 |a TELESCOPIOS 
653 |a INSTRUMENTOS DE OBSERVACION 
653 |a LENTES 
653 |a ABERRACION CROMATICA 
653 |a OJO HUMANO 
653 |a NIVEL PRIMARIO 
653 |a NIVEL SECUNDARIO 
859 |a CEMS  |b BIB. CEMS - Depto. Recursos Didacticos  |h 520  |i ATC  |k DRD  |p 1208.12  |t Ej.1